Zdroje informace a její měření /

Hlavní autor: Mareš, Milan, 1943-2011
Jazyk: Čeština
Vydáno: České Budějovice : Ústav aplikované informatiky, Přírodovědecká fakulta Jihočeské univerzity v Českých Budějovicích, 2018
Vydání: Vydání: první
Témata:
Fyzický popis: 1 CD-ROM (75 stran) : ilustrace ; 80 mm
Knihy
Uloženo v:
LEADER 01655nam a2200421 i 4500
001 001670382
003 CZ BrMZK
005 20190620114844.0
006 m q d
007 co cg
008 190221s2018 xr a e p 000 0 cze
020 |a 978-80-7394-704-0  |q (CDR) 
040 |a BOA001  |b cze  |e rda 
072 7 |a 519.1/.8  |x Kombinatorika. Teorie grafů. Matematická statistika. Operační výzkum. Matematické modelování  |2 Konspekt  |9 13 
072 7 |a 37.016  |x Učební osnovy. Vyučovací předměty. Učebnice  |2 Konspekt  |9 22 
080 |a 519.72  |2 MRF 
080 |a 002+007  |2 MRF 
080 |a (075.8)  |2 MRF 
080 |a (0.034.44)  |2 MRF 
100 1 |a Mareš, Milan,  |d 1943-2011  |7 jo20010092647  |4 aut 
245 1 0 |a Zdroje informace a její měření /  |c Milan Mareš 
250 |a Vydání: první 
264 1 |a České Budějovice :  |b Ústav aplikované informatiky, Přírodovědecká fakulta Jihočeské univerzity v Českých Budějovicích,  |c 2018 
300 |a 1 CD-ROM (75 stran) :  |b ilustrace ;  |c 80 mm 
336 |a text  |b txt  |2 rdacontent 
337 |a počítač  |b c  |2 rdamedia 
338 |a počítačový disk  |b cd  |2 rdacarrier 
347 |a textový soubor  |b PDF  |2 rda 
500 |a Název z disku 
504 |a Obsahuje bibliografii 
650 0 7 |a teorie informace  |7 ph126560  |2 czenas 
650 0 7 |a informační zdroje  |7 ph121110  |2 czenas 
655 7 |a učebnice vysokých škol  |7 fd133772  |2 czenas 
655 7 |a CD-ROM  |7 fd133955  |2 czenas 
910 |a BOA001  |b CDR-1423.510 
990 |a BK 
991 |b 201906  |c NOV 
996 3 |b 2610772336  |c CDR-1423.510  |l Stud. periodik/2.patro  |r Sklad / do 1 hodiny  |n 0  |p p.v.  |w 001709834  |u 000010  |a 1  |e BOA001  |j MZK50  |s N